Febrero novísimo, ó librería de jueces, abogados y escribanos, refundida, ordenada bajo nuevo método, y adicionada con un tratado del juicio criminal, y algunos otros.

Saved in:
Bibliografiske detaljer
Hovedforfatter: Tapia, Eugenio de
Format: Bog
Sprog:spansk
Udgivet: Valencia, España Ildefonso Mompié 1830
Fag:
Tags: Tilføj Tag
Ingen Tags, Vær først til at tagge denne postø!

MARC

LEADER 00000nam a2200000 a 4500
001 UCL1057
003 CL-VaPUC
005 20240801155835.0
008 030829e18300000SP |||||||||||||||||spa|d
999 |c 304739  |d 304737 
040 |c Pontificia Universidad Católica de Valparaíso 
082 0 4 |a 340.2 TAP 1830  |2 21 
100 0 |a Tapia, Eugenio de  |9 477849 
245 1 0 |a Febrero novísimo, ó librería de jueces, abogados y escribanos, refundida, ordenada bajo nuevo método, y adicionada con un tratado del juicio criminal, y algunos otros. 
260 0 3 |a Valencia, España  |b Ildefonso Mompié  |c 1830 
300 |a 3 volúmenes. 
583 |a last modification  |c 20030829 00:00:00  |k Rodrigo Vera 
600 0 7 |a FEBRERO, JOSE  |2 CL-VaPUC  |9 400914 
650 7 |a DERECHO  |2 CL-VaPUC  |9 477850 
650 0 |a Abogados  |9 256284 
650 0 |a Derecho civil  |9 255013 
650 0 |a Filosofía del derecho   |9 255050 
650 7 |a DERECHO PENAL  |2 CL-VaPUC  |9 11 
650 0 |a Personas  |9 255751 
650 0 |a Derecho natural   |9 255041 
650 0 |a Patria potestad  |9 369365 
650 7 |a MATRIMONIO  |2 CL-VaPUC  |9 477851 
650 0 |a Tutelas   |9 384923 
650 0 |a Instrumento público   |9 384474 
650 0 |a Derecho sucesorio  |9 255015 
650 7 |a TESTAMENTOS  |2 CL-VaPUC  |9 255014 
650 0 |a Contratos  |9 255153 
650 0 |a Obligaciones   |9 255578 
650 0 |a Derecho comercial   |9 256340 
650 7 |a SEGUROS  |2 CL-VaPUC  |9 477852 
650 0 |a Justicia   |9 255408 
650 0 |a Juicio ejecutivo  |9 254866 
650 0 |a Deudor y acreedor  |9 256643 
650 0 |a Herencia  |9 256325 
650 0 |a Bienes  |9 255749 
650 0 |a Delitos  |9 224143 
650 0 |a Penas   |9 255927 
650 0 |a Juicio criminal  |9 398162 
650 7 |a FORMULARIOS  |2 CL-VaPUC  |9 357440 
942 |c BK  |2 ddc 
945 |d 20030829 00:00:00  |a cmena 
952 |0 0  |1 0  |4 0  |6 340_200000000000000_TAP_1830  |7 0  |8 DER_HIS  |9 367447  |a BIBDER  |b BIBDER  |d 2019-11-21  |h v.7  |i 2040824  |o 340.2 TAP 1830  |p 2040824  |r 2023-01-25  |t 1  |w 2019-11-21  |x Ubicación 4to Piso  |y BK_X  |z Estos recursos deben solicitarse con anticipación  |k DER 
952 |0 0  |1 0  |4 0  |6 340_200000000000000_TAP_1830  |7 0  |8 DER_HIS  |9 367448  |a BIBDER  |b BIBDER  |d 2019-11-21  |h v.8  |i 2040859  |o 340.2 TAP 1830  |p 2040859  |r 2023-01-25  |t 1  |w 2019-11-21  |x Ubicación 4to Piso  |y BK_X  |z Estos recursos deben solicitarse con anticipación  |k DER 
952 |0 0  |1 0  |4 0  |6 340_200000000000000_TAP_1830  |7 0  |8 DER_HIS  |9 367449  |a BIBDER  |b BIBDER  |d 2019-11-21  |h v.9  |i 2040867  |o 340.2 TAP 1830  |p 2040867  |r 2023-01-25  |t 1  |w 2019-11-21  |x Ubicación 4to Piso  |y BK_X  |z Estos recursos deben solicitarse con anticipación  |k DER